| 000 | 00564nam a2200157 4500 | ||
|---|---|---|---|
| 008 | 171215b xxu||||| |||| 00| 0 eng d | ||
| 020 | _a9710388011 | ||
| 082 |
_22004 _aDFil 160 _bB86a |
||
| 100 |
_925286 _aBuenaflor, Lionel E., author. |
||
| 245 |
_aThe art of critical thinking : _bLlogic for Filipino students / _cLionel E. Buenaflor. |
||
| 260 |
_aMandaluyong City : _bBooks Atbp. Publishing Corp. _c©2004. |
||
| 300 |
_avii, 263 pages : _billustrations ; _c22 cm. |
||
| 500 | _aIncludes bibliographical references. | ||
| 650 | 0 |
_925287 _aLogic |
|
| 942 |
_2ddc _cDFIL |
||
| 999 |
_c8173 _d8173 |
||